Novísima edición del Diccionario razonado de legislación y jurisprudencia (Registro nro. 65969)

Detalles MARC
000 -ENCABEZADO
Número de control [NR] 01460nam a2200253Ia 4500
005 - FECHA Y HORA DE LA ÚLTIMA TRANSACCIÓN
control field 20150604095752.0
008 - DE LONGITUD FIJA DE DATOS DE ELEMENTOS - INFORMACIÓN GENERAL
Elementos de longitud fija [NR] 130821n fr frdd 0 spa d
040 ## - FUENTE DE CATALOGACION [NR]
Agencia de catalogación original [NR] Co-BoUCM
Idioma de catalogación [NR] spa
Quien Cataloga Sandra Yazo (modificó)
Quien Clasifica Sandra Yazo (modificó)
041 0# - CODIGO DE IDIOMA [R]
Código de idioma para texto/pista de sonido o título separado [R] Español
082 04 - NUMERO DE CLASIFICACION DECIMAL DEWEY [R]
Número de clasificación [R] R340.03
Número de la edición [NR] 20
092 ## - SIGNATURA TOPOGRAFICA LOCAL
Número de clasificación local E01N064
100 1# - ASIENTO PRINCIPAL--NOMBRE PERSONAL [NR]
Nombre personal [NR] Escriche, Joaquín
Fechas asociadas con el nombre [NR] 1784-1847
ID Autoridad 62205
245 10 - MENCION DE TITULO [NR]
Título [NR] Novísima edición del Diccionario razonado de legislación y jurisprudencia
Mención de responsabilidad, etc. [NR] por D. Joaquín Escriche ; acompañada de un extenso suplemento ... compilado, concordado y comentado por D. Francisco Pi y Arsuaga
260 ## - PUBLICACION, DISTRIBUCION, ETC. (PIE DE IMPRENTA) [R]
Lugar de publicación, distribución, etc. [R] París (Francia)
Nombre del editor, distribuidor, etc. [R] Casa Editorial Garnier Hermanos
Fecha de publicación, distribución, etc. [R] [fecha desconocida]
300 ## - DESCRIPCION FISICA [R]
Extensión [R] vii, 500 páginas
Dimensiones [R] 27 x 19 cm.
500 ## - NOTA GENERAL [R]
Nota general [NR] Detalles físicos: Encuadernación rígida, en cartón forrado en tela texturizada. Lomo en cuero, nervaduras sobre costuras, adornos en dorado. Tapas con recuadros repujados. Guardas simulando papel de agua. Hoja de cortesía. Anteportada. Portada impresa en una tinta, firma. Texto impreso en dos columnas, con varios tipos y tamaños de letra, separados por una línea vertical. Notas de píe de página
505 ## - NOTA DE CONTENIDO CON FORMATO PREESTABLECIDO [R]
Nota de contenido con formato preestablecido [NR] A - Z
506 ## - NOTA DE RESTRICCIONES DE ACCESO [R]
Condiciones de acceso [NR] Consulta en sala
650 #7 - ASIENTO SECUNDARIO DE MATERIA - TERMINO TEMATICO [R]
Término temático o nombre geográfico como elemento de entrada [NR] Derecho
Subdivisión de forma [R] Diccionarios y enciclopedias
9 (RLIN) 7494
650 #7 - ASIENTO SECUNDARIO DE MATERIA - TERMINO TEMATICO [R]
Término temático o nombre geográfico como elemento de entrada [NR] Jurisprudencia
Subdivisión de forma [R] Diccionarios y enciclopedias
9 (RLIN) 18175
690 ## - ASUNTO AGREGADO LOCAL DE ENTRADA - TÉRMINO TEMÁTICO (OCLC, RLIN)
9 (RLIN) 42766
Acceso temático local Derecho civil
700 1# - ASIENTO SECUNDARIO - NOMBRE PERSONAL [R]
Nombre personal [NR] Pi y Arsuaga, Francisco
Fechas asociadas con el nombre [NR] 1866-1912
9 (RLIN) 69393
942 ## - ELEMENTOS DE ENTRADA AGREGADOS (KOHA)
Tipo de ítem principal el descrito en 300a Libro
Tema principal 8
Edición 1
Sistema de clasificación LOCAL
Clasificación E01N064
Existencias
Suprimido Perdido Sistema de clasificación Dañado No prestable Tipo de ítem específico Ubicación habitual Ubicación actual Localización Fecha de creación Forma de adquisición Costo Total préstamos Signatura topográfica Código de barras Última vez visto Ejemplar Price effective from Tipo de ítem
    LOCAL     Libro archivo Archivo Histórico Archivo Histórico Archivo histórico 28/02/2013 Donación 0.00   E01N064 L000133 15/12/2012 Ej.1 03/02/2013 Libro